The last things / (Record no. 9799)
[ view plain ]
| 000 -LEADER | |
|---|---|
| fixed length control field | 01711cam a2200409 i 4500 |
| 001 - CONTROL NUMBER | |
| control field | 20869098 |
| 003 - CONTROL NUMBER IDENTIFIER | |
| control field | GBCCL |
| 005 - DATE AND TIME OF LATEST TRANSACTION | |
| control field | 20241126110719.0 |
| 007 - PHYSICAL DESCRIPTION FIXED FIELD--GENERAL INFORMATION | |
| fixed length control field | cr_||||||||||| |
| 008 - FIXED-LENGTH DATA ELEMENTS--GENERAL INFORMATION | |
| fixed length control field | 190227t20192019ilu ob 001 0 eng |
| 010 ## - | |
| -- | 2019009710 |
| 020 ## - INTERNATIONAL STANDARD BOOK NUMBER | |
| International Standard Book Number | 9780830888788 |
| Qualifying information | (digital) |
| 020 ## - INTERNATIONAL STANDARD BOOK NUMBER | |
| International Standard Book Number | 9781783596652 |
| Qualifying information | (digital) |
| 020 ## - INTERNATIONAL STANDARD BOOK NUMBER | |
| Canceled/invalid ISBN | 9780830815395 |
| Qualifying information | (UK : |
| -- | print) |
| 020 ## - INTERNATIONAL STANDARD BOOK NUMBER | |
| Canceled/invalid ISBN | 9781783596645 |
| Qualifying information | (UK : |
| -- | print) |
| 040 ## - CATALOGING SOURCE | |
| Original cataloging agency | DLC |
| Language of cataloging | eng |
| Description conventions | rda |
| Transcribing agency | DLC |
| Modifying agency | DLC |
| 042 ## - | |
| -- | pcc |
| 050 00 - | |
| -- | BT821.3 |
| 082 00 - DEWEY DECIMAL CLASSIFICATION NUMBER | |
| Classification number | 236 |
| Edition information | 23 |
| Item number | HOH |
| 100 1# - MAIN ENTRY--PERSONAL NAME | |
| Personal name | Höhne, David A., |
| Dates associated with a name | 1967- |
| Relator term | author. |
| 9 (RLIN) | 17044 |
| 245 14 - TITLE STATEMENT | |
| Title | The last things / |
| Statement of responsibility, etc. | David A. Höhne. |
| 264 #1 - PRODUCTION, PUBLICATION, DISTRIBUTION, MANUFACTURE, AND COPYRIGHT NOTICE | |
| Place of production, publication, distribution, manufacture | Downers Grove, IL, USA : |
| Name of producer, publisher, distributor, manufacturer | IVP Academic, an imprint of InterVarsity Press, |
| Date of production, publication, distribution, manufacture, or copyright notice | 2019. |
| 264 #4 - PRODUCTION, PUBLICATION, DISTRIBUTION, MANUFACTURE, AND COPYRIGHT NOTICE | |
| Date of production, publication, distribution, manufacture, or copyright notice | ©2019 |
| 300 ## - PHYSICAL DESCRIPTION | |
| Extent | 1 online resource. |
| 336 ## - CONTENT TYPE | |
| Content type term | text |
| Content type code | txt |
| Source | rdacontent |
| 337 ## - MEDIA TYPE | |
| Media type term | computer |
| Media type code | c |
| Source | rdamedia |
| 338 ## - CARRIER TYPE | |
| Carrier type term | online resource |
| Carrier type code | cr |
| Source | rdacarrier |
| 490 0# - SERIES STATEMENT | |
| Series statement | Contours of Christian Theology |
| 504 ## - BIBLIOGRAPHY, ETC. NOTE | |
| Bibliography, etc. note | Includes bibliographical references and index. |
| 505 0# - FORMATTED CONTENTS NOTE | |
| Formatted contents note | Life in the middle -- Praying for the perfection of life in the middle -- The name above all names -- God's kingdom all in all -- The Father's will for one and all -- Good Lord, preserve us -- Good Lord, forgive us -- Good Lord, deliver us. |
| 588 ## - SOURCE OF DESCRIPTION NOTE | |
| Source of description note | Description based on print version record and CIP data provided by publisher. |
| 650 #0 - SUBJECT ADDED ENTRY--TOPICAL TERM | |
| Topical term or geographic name entry element | Eschatology. |
| 9 (RLIN) | 2009 |
| 776 08 - ADDITIONAL PHYSICAL FORM ENTRY | |
| Relationship information | Print version: |
| Main entry heading | Höhne, David A., 1967- author. |
| Title | Last things |
| Place, publisher, and date of publication | Downers Grove, IL, USA : IVP Academic, an imprint of InterVarsity Press, 2019 |
| International Standard Book Number | 9780830815395 |
| Record control number | (DLC) 2019002861 |
| 906 ## - LOCAL DATA ELEMENT F, LDF (RLIN) | |
| a | 7 |
| b | cbc |
| c | origcop |
| d | 1 |
| e | ecip |
| f | 20 |
| g | y-gencatlg |
| 942 ## - ADDED ENTRY ELEMENTS (KOHA) | |
| Source of classification or shelving scheme | Dewey Decimal Classification |
| Koha item type | Books |
| Koha issues (borrowed), all copies | 1 |
| Withdrawn status | Lost status | Source of classification or shelving scheme | Damaged status | Not for loan | Home library | Current Library | Shelving location | Date acquired | Total checkouts | Full call number | Barcode | Date last seen | Date last checked out | Copy number | Price effective from | Koha item type |
|---|---|---|---|---|---|---|---|---|---|---|---|---|---|---|---|---|
| Dewey Decimal Classification | GRACE BIBLE COLLEGE | GRACE BIBLE COLLEGE | Theology | 2023-07-25 | 2 | 236 HOH | 016218 | 2025-11-27 | 2025-11-27 | c.1 | 2023-07-25 | Books |